ბათუმის შოთა რუსთაველის სახელმწიფო უნივერსიტეტის ბიბლიოთეკა

თხზულებანი:ტომი 2 (ბიბ.ჩანაწერი № 50379)

000 -LEADER
fixed length control field 00934nam a2200193Ia 4500
001 - CONTROL NUMBER
control field 17320
003 - CONTROL NUMBER IDENTIFIER
control field GE_BSU
008 - FIXED-LENGTH DATA ELEMENTS--GENERAL INFORMATION
fixed length control field 181216s||||||||xx |||||||||||||| ||und||
040 ## - CATALOGING SOURCE
Transcribing agency GE_BSU
245 ## - TITLE STATEMENT
Title თხზულებანი:ტომი 2
245 ## - TITLE STATEMENT
Statement of responsibility, etc. დ.მ.გამეზარდაშვილის რედ. და შენიშვნებით;სარედ .კოლ.:ვ.ბახტაძე და სხვ.;ტომი დასაბეჭდად მოამზადა და სახელთა საძიებელი დაურთო ი. ბოცვაძემ.-თსუ,ჟურნალისტიკის კათედრა
260 ## - PUBLICATION, DISTRIBUTION, ETC.
Place of publication, distribution, etc. თბილისი
260 ## - PUBLICATION, DISTRIBUTION, ETC.
Name of publisher, distributor, etc. თბილ.უნ-ტის გამ-ბა
260 ## - PUBLICATION, DISTRIBUTION, ETC.
Date of publication, distribution, etc. 1960
300 ## - PHYSICAL DESCRIPTION
Extent 662გვ.;23სმ
300 ## - PHYSICAL DESCRIPTION
Accompanying material 1ფ.პორტრ.
653 ## - INDEX TERM--UNCONTROLLED
Uncontrolled term თხზულებანი
942 ## - ADDED ENTRY ELEMENTS (KOHA)
Koha item type წიგნი
ეგზემპლარები
Withdrawn status Lost status Damaged status Not for loan Date acquired Barcode Date last seen Price effective from Koha item type
        2018-12-17 41196 2018-12-17 2018-12-17 წიგნი
        2018-12-17 41198 2018-12-17 2018-12-17 წიგნი
        2018-12-17 41197 2018-12-17 2018-12-17 წიგნი